00657pam a2200217 a 45000010008000000030006000080050017000140080041000310100017000720200015000890400018001040500021001220820019001432450114001622600046002763000021003225040053003436500012003966500013004087000018004214206570GBCCL20241126110432.0811021s1982 miu b 001 0 eng  a 81016343  a0310445310 aDLCcDLCdDLC00aBV111b.F76 198200a263.1223bSAB00aFrom Sabbath to Lord's Day :ba Biblical, historical, and theological investigation /cedited by D.A. Carson. aGrand Rapids, Mich. :bZondervan,cc1982. a444 p. ;c21 cm. aIncludes bibliographical references and indexes. 0aSunday. 0aSabbath.1 aCarson, D. A.